Statistics for World Capitals Furthest from the Sea

Click here to take the quiz!

General Stats

  • This quiz has been taken 393 times
    (108 since last reset)
  • The average score is 12 of 18

Answer Stats

km Capital % Correct
1,682Nur-Sultan
91%
1,310Ulaanbaatar
88%
1,763Tashkent
83%
1,026Kabul
81%
2,059Bishkek
74%
872Brasilia
72%
854New Delhi
67%
1,110Islamabad
66%
1,456Dushanbe
65%
1,079N'Djamena
65%
912Kampala
62%
815AsunciĆ³n
62%
1,150Ashgabat
62%
1,060Kigali
60%
966Bangui
58%
1,271Juba
49%
844Lusaka
48%
1,023Gitega
47%

Score Distribution

Percentile by Number Answered

Percent of People with Each Score

Your Score History

You have not taken this quiz since the last reset